000 00781nam a22002297a 4500
999 _c10627
_d10627
003 AR-CdUCM
008 190401b ||||| |||| 00| 0 spa d
040 _aMUNICIPALIDAD PROVINCIAL DEL CUSCO
_cBIBLIOTECA MUNICIPAL DEL CUSCO
082 _a869.56 /
_bP657S
100 _aPino Fajardo, Pedro del
_927593
245 _aSanatorio al desnudo /
260 _aJauja :
_bLa Voz de Huancayo,
_c1941.
300 _a268 páginas ;
_c20 cm.
500 _aDonación de la familia Nieto. Dedicatoria a Luis Nieto
505 _aContenido: Ojos al desconocido -- Besos del alba -- Sueños de amor -- Horas de cama ...
650 _aNovelas Peruanas
_9545
650 _aSiglo XX
_98
650 _aLiteratura Peruana
_9132
650 _aJauja
_918027
942 _2ddc
_cLIBROS
945 _acmm